| 000 | 00859nam a22002655i 4500 | ||
|---|---|---|---|
| 999 |
_c27749 _d27720 |
||
| 003 | EG-ScBUE | ||
| 005 | 20191112130952.0 | ||
| 008 | 191112s2019 ii f b 001 0 eng d | ||
| 020 | _a9788131102718 | ||
| 040 |
_aEG-ScBUE _beng _erda _cEG-ScBUE _dEG-ScBUE |
||
| 082 | 0 | 4 |
_a418 _bJOH _222 |
| 100 | 1 |
_aJohn, Patrick, _eauthor. |
|
| 245 | 1 | 0 |
_aApplied Linguistics / _cPatrick John, David Christopher. |
| 264 | 1 |
_aDarya Ganj, New Delhi : _bCommonwealth Publishers, _c2019. |
|
| 300 |
_a273 pages ; _c22 cm |
||
| 336 |
_atext _btxt _2rdacontent |
||
| 337 |
_aunmediated _bn _2rdamedia |
||
| 338 |
_avolume _bnc _2rdacarrier |
||
| 504 | _aIncludes bibliographical references and index. | ||
| 650 | 7 |
_aApplied linguistics. _2BUEsh _95726 |
|
| 653 |
_bHHUUEENN _cNovember2019 |
||
| 655 | _vReading book | ||
| 700 | 1 |
_aChristopher, David, _eauthor. |
|
| 942 |
_2ddc _cBB |
||